000 01618nam0a22002771 4500
001 rc\4317235
005 20250611154412.0
035 _a(NLR Aleph) 008264059
090 _a8415300
_c8415300
100 _a20130416d1965 |||y0rusy50 ca
101 0 _arus
102 _aRU
105 _ay z |||||
200 1 _aТезисы докладов
_fСовет молодых специалистов и ком. ВЛКСМ Всесоюз. науч.-исслед. ин-та электроизмерит. приборов. Совет первичной организации НТО Приборпром ВНИИЭП. Пятая науч.-техн. конференция молодых специалистов ВНИИЭП. Май 1965 г.
210 _aЛенинград
_cБ. и.
_d1965
215 _a14 с.
_d21
300 _aНа обл. загл.: Тезисы докладов к Пятой научно-технической конференции молодых специалистов ВНИИЭП
300 _aОтпеч. множит. аппаратом
512 0 _aТезисы докладов к Пятой научно-технической конференции молодых специалистов ВНИИЭП
710 0 2 _aВНИИ электроизмерительных приборов
_bНаучно-техническая конференция молодых специалистов
_cЛенинград
_d5
_f1965
_9685492
_3RU\NLR\AUTH\880512473
801 0 _aRU
_bNLR
_gpsbo
801 1 _aRU
_bELAR
_2rusmarc
852 _aNLR
_j65-4/9331
942 _cBOOK
980 _aNB